Kdo vydrží, vyhraje : postupy a metody jak pěstovat odolnost a vytrvalost /

Uložené v:
Podrobná bibliografia
Hlavní autori: Kaplan Thaler, Linda, 1951- (Author), Koval, Robin, 1955- (Author)
Ďalší autori: Goner, Jakub (Translator)
Médium: Kniha
Jazyk:Czech
English
Vydané: V Brně : BizBooks, 2016.
Vydanie:1. vydání
Témy:
ISBN: 9788026505464 (brož.)
Fyzický popis: 151 strán ; 21 cm.
Tagy: Pridať tag
Žiadne tagy, Buďte prvý kto otaguje tento záznam!

MARC

LEADER 00000nam a22000007i 4500
001 000529068
005 20170221130019.0
008 161114s2016 xr e 001 0 cze d
020 |a 9788026505464 (brož.) 
040 |a SVKKK  |b slo  |c SVKKK  |e AACR2 
041 1 |a cze  |h eng 
044 |a xr  |c CZ 
072 7 |a 159.93/.94  |x Senzorické a motorické funkcie. Emócie. Vôľa  |2 konspekt 
080 |a 159.947.5  |2 2011 
080 |a 316.628  |2 2011 
080 |a (0.062)  |2 2011 
100 1 |a Kaplan Thaler, Linda,  |d 1951-  |4 aut 
240 1 0 |a Grit to great, how perseverance, passion and pluck take you from ordinyry to extraordinary.  |l Česky 
245 1 0 |a Kdo vydrží, vyhraje :  |b postupy a metody jak pěstovat odolnost a vytrvalost /  |c Linda Kaplan Thaler & Robin Koval ; [překlad: Jakub Goner]. 
250 |a 1. vydání 
260 |a V Brně :  |b BizBooks,  |c 2016. 
300 |a 151 strán ;  |c 21 cm. 
500 |a Preložené z angličtiny 
500 |a Biografické údaje o autoroch 
504 |a Register: s. [145]-148 
650 0 7 |a motivácia  |2 SVKKKPH 
650 0 7 |a ľudské potreby  |2 SVKKKPH 
655 7 |a populárno-náučné publikácie  |2 SVKKKPH 
700 1 |a Koval, Robin,  |d 1955-  |4 aut 
700 1 |a Goner, Jakub  |4 trl 
910 |a svkkk 
919 |a 978-80-265-0546-4 
998 |a BK 
090 |g SCKHL  |k Sklad Hlavná 10 prízemie  |a III.238479  |j 1077637  |i 2720410437  |s Absenčne